00626nam a2200169 a 450000100100000000500170001000800410002702000150006804000250008308200140010824500760012226000660019830000330026470000300029795201120032799900170043900004098020201002034526.0130912s1997 xxua 000 0 eng d a0877797080 aDO-SdBNPbengcBNPHU axxxbxxxx00aMerriam-Webster's Collegiate Dictionary. /cpreface, Frederick C. Mish. aSpringfiel, Massachusetts, U.S.A., :bMerriam-Webster,c1997. a38a, 1559 p :bil. ;c24 cm.1 aMish, Frederick C.967415 001050718MOaGRbGRcCTd2013-09-12iLF1l0oxxx xxxxp40980-10r2020-06-25w2020-06-25y1ZNo se presta c40470d40470